Nursing Sociology (Record no. 156535)

MARC details
000 -LEADER
fixed length control field 00375nam a2200145Ia 4500
008 - FIXED-LENGTH DATA ELEMENTS--GENERAL INFORMATION
fixed length control field 230411s9999 xx 000 0 und d
020 ## - INTERNATIONAL STANDARD BOOK NUMBER
International Standard Book Number 978-81-8448-934-7
041 ## - LANGUAGE CODE
Language code of text/sound track or separate title eng
082 ## - DEWEY DECIMAL CLASSIFICATION NUMBER
Classification number SO/301/PUR/B06092
100 ## - MAIN ENTRY--PERSONAL NAME
Personal name Purushothama GS
9 (RLIN) 178901
245 ## - TITLE STATEMENT
Title Nursing Sociology
260 ## - PUBLICATION, DISTRIBUTION, ETC. (IMPRINT)
Name of publisher, distributor, etc. Jaypee Brothers
Place of publication, distribution, etc. Bengaluru
Date of publication, distribution, etc. 2010
300 ## - PHYSICAL DESCRIPTION
Extent 372p
Holdings
Withdrawn status Lost status Damaged status Not for loan Collection code Home library Current library Date acquired Vendor Cost, normal purchase price Bill number Total Checkouts Total Renewals Full call number Barcode Date last seen Date last checked out Cost, replacement price Bill Date Koha item type Original Barcode
          Smt. Bakul Tambat Institute of Nursing Education Smt. Bakul Tambat Institute of Nursing Education 11/02/2010 Jaypee Brothers Medical Publishers 150.00 5499 13 1 SO 301 PUR B06092 BTIN-BK-6092 05/06/2025 04/06/2025 109.00 11/02/2010 Books B06092
          Smt. Bakul Tambat Institute of Nursing Education Smt. Bakul Tambat Institute of Nursing Education 25/02/2011 Jaypee Brothers Medical Publishers 200.00 5499 4   SO 301 PUR B06580 BTIN-BK-6580 11/06/2025 04/06/2025 146.00 11/02/2010 Books B06580